El Bibliobús Pedraforca es fa amic dels dracs amb Pep López : programa de foment de la lectura al bibliobús : primavera 2009 programa de foment de la lectura al bibliobús :
Publicado:
Barcelona :
Diputació de Barcelona. Àrea de Cultura. Gerència de Serveis de Biblioteques ,
2009
Descripción Física:
[4] p. ; 30 cm
MARC
| LEADER | 00000nam a2200000Ia 4500 | ||
|---|---|---|---|
| 001 | 21307 | ||
| 008 | 160829s2009 xx 000 0 cat d | ||
| 080 | |a FU-36-40 | ||
| 245 | |a El Bibliobús Pedraforca es fa amic dels dracs amb Pep López : |b programa de foment de la lectura al bibliobús : |b primavera 2009 | ||
| 260 | |a Barcelona : |b Diputació de Barcelona. Àrea de Cultura. Gerència de Serveis de Biblioteques, |c 2009 | ||
| 300 | |a [4] p. ; |c 30 cm | ||
| 610 | 2 | 0 | |a Bibliobús Pedraforca |9 52872 |
| 650 | |a Bibliobusos |9 38730 | ||
| 650 | |a Lectura |x Animació |9 38731 | ||
| 710 | 1 | |a Barcelona (Catalunya : Província). |b Gerència de Serveis de Biblioteques |9 52661 | |
| 901 | |a Arxiu | ||
| 942 | |n 1 | ||
| 952 | |0 0 |1 0 |4 0 |6 FU3640 |7 1 |9 53247 |a Arxiu |b Arxiu |d 2016-12-01 |l 0 |o FU-36-40 |p 21307 |r 2016-12-01 00:00:00 |w 2016-12-01 |y ARXIU | ||
| 999 | |c 57111 |d 57111 | ||